000 00574nam a22001935i 4500
001 158636
003 ES-MaACL
005 20230906211242.0
008 990304s1815 sp |||| | spa d
040 _aCCPB | B
_bspa
_cCCPB | B
100 1 _aManrique, Ramón.
_9129420
245 1 0 _aDiario del alma ... /
_cRamon Manrique.
260 _aMadrid :
_bEn la Imprenta Real,
_c1815.
300 _a[4], 290, [2] p. ;
_c15 cm.
597 1 _aPort. con esc. real.
650 4 _aOraciones.
_915730
752 _aEspaña -
_dMadrid
852 _aES-MaACL
_jG-10772
_z-- Enc. hol.
999 _c158636
_d158636